Click the American Celebrity's Job - Statistics

General Stats
  • This quiz has been taken 216 times
  • The average score is 22 of 30
Answer Stats
Hint Answer % Correct
Tom Cruise Actor
92%
Beyonce Musician
92%
Teddy Roosevelt Politician
91%
Elvis Presley Musician
90%
Curt Cobain Musician
87%
Gwen Stefani Musician
87%
Jimmy Carter Politician
86%
Judy Garland Actor
85%
Babe Ruth Athlete
83%
Tom Brady Athlete
82%
Buddy Holly Musician
82%
Donna Summer Musician
78%
Grover Cleveland Politician
78%
Muddy Waters Musician
75%
Condoleezza Rice Politician
72%
Eddie Vedder Musician
71%
Scotty Pippin Athlete
67%
Rock Hudson Actor
66%
Newt Gingrich Politician
65%
Tony Danza Actor
64%
Brett Hull Athlete
64%
Groucho Marx Actor
62%
Johnny Unitas Athlete
62%
Harvey Milk Politician
62%
Randy Johnson Athlete
61%
Tippi Hedren Actor
56%
Johnny Knoxville Actor
55%
Sam Snead Athlete
55%
Adlai Stevenson II Politician
55%
Bill Paxton Actor
54%
No matching quizzes found
Score Distribution
Percent of People with Each Score
Percentile by Number Answered
Your Score History
You have not taken this quiz